header

Divergence in European welfare and housing systems (Record no. 245482)

MARC details
000 -LEADER
fixed length control field 01313nam a2200337 a 4500
100 1# - MAIN ENTRY--AUTHOR NAME
Personal name Hoekstra, J. S. C. M.
245 10 - TITLE STATEMENT
Title Divergence in European welfare and housing systems
260 ## - PUBLICATION, DISTRIBUTION, ETC. (IMPRINT)
Place of publication Amsterdam :
Name of publisher IOS Press,
Year of publication 2010.
300 ## - PHYSICAL DESCRIPTION
Number of Pages 216 p. :
Other physical details ill.
490 1# - SERIES STATEMENT
Series statement Sustainable urban areas,
650 #0 - SUBJECT ADDED ENTRY--TOPICAL TERM
Topical Term Public welfare
Topical Term Public housing
856 40 - ELECTRONIC LOCATION AND ACCESS
Uniform Resource Identifier http://site.ebrary.com/lib/rucke/Doc?id=10440448

No items available.

© 2026 Rongo University
Contact us: librarian | system librarian | Rongo university